The home video handbook /

Bibliographic Details
Main Author: Bensinger, Charles
Format: Book
Language:English
Published: Indianapolis, Ind. : Howard W. Sams & Co., Inc., 1982.
Edition:3rd ed.
Subjects:

MARC

Tag First Indicator Second Indicator Subfields
LEADER 00000cam a2200000 a 4500
001 in00000379421
005 20151011092151.0
008 830217s1982 inua 00110 eng d
010 |a  82062202  
020 |a 0672220520 :  |c $13.95 
035 |a (OCoLC)09230634 
035 |9 ABQ8241AM 
040 |a CLE  |c CLE  |d TXA  |d UtOrBLW 
049 |a TXAM  |c 1 [1808921], 2 [271907] 
090 |a TK9961  |b  B46 1982 
100 1 |a Bensinger, Charles. 
245 1 4 |a The home video handbook /  |c by Charles Bensinger ; illustrated by David McCutchen and Susan Sallade. 
250 |a 3rd ed. 
264 1 |a Indianapolis, Ind. :  |b Howard W. Sams & Co., Inc.,  |c 1982. 
300 |a 392 pages :  |b illustrations ;  |c 22 cm. 
336 |a text  |b txt  |2 rdacontent 
337 |a unmediated  |b n  |2 rdamedia 
338 |a volume  |b nc  |2 rdacarrier 
500 |a Includes index. 
650 0 |a Home video systems. 
999 |a MARS 
999 f f |s fa774c6d-b27a-3f12-9c80-14d33f3e7e19  |i a7fe6bb2-169d-35ea-beec-a0e2c4c5e740  |t 0